00636nam a2200145Ia 4500008004100000050002500041100002800066245013400094260008600228300002000314521002200334942000700356999001900363952010800382140724s9999 xx 000 0 und d aLB 1607b.An597 2011 aAnicete, Kristine-Fe M. 3aAn evaluation of the social competence of students with special needs in an inclusive education school /ckristine-Fe M. Anicete. aLas Piñas, Philippines :bSouthville International School and Colleges,cc2011. a88 p. :c28 cm. aSpecial Education cTH c228985d228985 001040aCLbCLcTHESESd2014-07-24l0oLB 1607 .An597 2011pT0339r2018-05-15 00:00:00w2014-07-24yTH